000 00427nam a22001697a 4500
003 MPLRDC
005 20220104153117.0
008 210129b ||||| |||| 00| 0 eng d
082 _a859.61 MYL-2
100 _a马允伦, 马邦成编写
245 _a中国古代改革家故事
_c
250 _a初版
260 _a
_b少年儿童出版社
_c1988
300 _b
650 _a人物故事
942 _cBK
_o859.61 MYL-2
999 _c53258
_d53248